Online Catalogue and eLibrary

Small arms survey 2004 : (Record no. 625)

MARC details
000 -LEADER
fixed length control field 00436nam a22001697a 4500
005 - DATE AND TIME OF LATEST TRANSACTION
control field 20240328072210.0
008 - FIXED-LENGTH DATA ELEMENTS--GENERAL INFORMATION
fixed length control field 240328b |||||||| |||| 00| 0 eng d
020 ## - INTERNATIONAL STANDARD BOOK NUMBER
ISBN 0199273340.
082 ## - DDC Classification
DDC Edition Number 22
Class No. 327.174.
Item Number - Author Mark SMA.
245 ## - TITLE STATEMENT
Title Small arms survey 2004 :
Remainder of title rights at risk /
250 ## - EDITION STATEMENT
Edition statement 1st.
260 ## - PUBLICATION, DISTRIBUTION, ETC.
Place of publication, distribution, etc. New york :
Name of publisher, distributor, etc. Oxford university press /
Date of publication, distribution, etc. 2004.
300 ## - PHYSICAL DESCRIPTION
Extent (e.g. Volumes, Pages etc.) vii, 335 p.
650 ## - SUBJECT ADDED ENTRY--TOPICAL TERM
Topical term or geographic name entry element Women.
650 ## - SUBJECT ADDED ENTRY--TOPICAL TERM
Topical term or geographic name entry element Human Rights.
942 ## - Koha item type (Biblio)
Koha item type Books in Stacks (Lending)
Holdings
Lost status Damaged status Collection code Home library Current library Date acquired Full call number Accession Number Item type
    Lending WERC Library WERC Library 03/28/2024 327.174. SMA. 5752 Books in Stacks (Lending)

© WERC Library